|
|
|
|
| LEADER |
00000nab a2200000 a 4500 |
| 001 |
vtls001009169 |
| 003 |
SK-MaSNL |
| 005 |
20260303040225.0 |
| 008 |
040720e20000802xo 0 slo |
| 035 |
|
|
|a RV9769
|
| 040 |
|
|
|a RVGKPD
|b slo
|c RVGKPD
|e AACR2
|
| 041 |
0 |
|
|a slo
|
| 044 |
|
|
|a xo
|c SK
|
| 080 |
|
|
|a 351.777.61
|2 1981
|
| 100 |
0 |
|
|a (pk)
|4 aut
|9 626133
|
| 245 |
1 |
0 |
|a V Gemeri uzatvorili sedem skládok komunálneho odpadu
|
| 650 |
0 |
7 |
|a skládky odpadu
|2 RVGKPD
|9 16790
|
| 651 |
|
7 |
|a Gočovo (Slovensko)
|2 RVGKPD
|9 58511
|
| 655 |
|
7 |
|a periodikum
|2 snkbucl
|9 29553
|
| 773 |
0 |
8 |
|t Gemerský denník
|g Roč. 2, č.177, 2.8.2000, s. 4
|
| 852 |
|
|
|a ZVYKNI
|b KIS3GCP
|
| 999 |
|
|
|c 1680921
|d 1682851
|